<?xml version="1.0" encoding="UTF-8"?><?xml-stylesheet type="text/xsl" href="static/style.xsl"?><OAI-PMH xmlns="http://www.openarchives.org/OAI/2.0/" xmlns:xsi="http://www.w3.org/2001/XMLSchema-instance" xsi:schemaLocation="http://www.openarchives.org/OAI/2.0/ http://www.openarchives.org/OAI/2.0/OAI-PMH.xsd"><responseDate>2026-04-28T19:19:13Z</responseDate><request verb="GetRecord" identifier="oai:uvadoc.uva.es:10324/25876" metadataPrefix="marc">https://uvadoc.uva.es/oai/request</request><GetRecord><record><header><identifier>oai:uvadoc.uva.es:10324/25876</identifier><datestamp>2021-06-29T19:09:10Z</datestamp><setSpec>com_10324_38</setSpec><setSpec>col_10324_852</setSpec></header><metadata><record xmlns="http://www.loc.gov/MARC21/slim" xmlns:doc="http://www.lyncode.com/xoai" xmlns:xsi="http://www.w3.org/2001/XMLSchema-instance" xmlns:dcterms="http://purl.org/dc/terms/" xsi:schemaLocation="http://www.loc.gov/MARC21/slim http://www.loc.gov/standards/marcxml/schema/MARC21slim.xsd">
<leader>00925njm 22002777a 4500</leader>
<datafield tag="042" ind1=" " ind2=" ">
<subfield code="a">dc</subfield>
</datafield>
<datafield tag="720" ind1=" " ind2=" ">
<subfield code="a">Campillo de Blas, Gonzalo</subfield>
<subfield code="e">author</subfield>
</datafield>
<datafield tag="260" ind1=" " ind2=" ">
<subfield code="c">2017</subfield>
</datafield>
<datafield tag="520" ind1=" " ind2=" ">
<subfield code="a">El presente trabajo de fin de grado tiene el objetivo de diseñar un mecanismo,&#xd;
cuyo movimiento sea similar al que una persona ejerce en el tránsito por una&#xd;
pasarela ligera, por medio de diversos métodos, la teoría de levas, la&#xd;
simulación o la experimentación en el laboratorio. Además, será clave la&#xd;
comparación de lo obtenido por los distintos métodos, tanto entre sí, como&#xd;
con la premisa de partida.</subfield>
</datafield>
<datafield tag="024" ind2=" " ind1="8">
<subfield code="a">http://uvadoc.uva.es/handle/10324/25876</subfield>
</datafield>
<datafield ind1=" " ind2=" " tag="653">
<subfield code="a">Cinemática</subfield>
</datafield>
<datafield ind1=" " ind2=" " tag="653">
<subfield code="a">Levas (Mecánica)</subfield>
</datafield>
<datafield tag="245" ind1="0" ind2="0">
<subfield code="a">Diseño, prototipado y verificación experimental de levas para simular la locomoción humana mediante dispositivos robóticos a escala reducida</subfield>
</datafield>
</record></metadata></record></GetRecord></OAI-PMH>